[Event "FSIM June"]
[Site "Budapest HUN"]
[Date "2003.06.08"]
[Round "2"]
[White "Banusz,T"]
[Black "Parkanyi,A"]
[Result "0-1"]
[WhiteElo "2259"]
[BlackElo "2363"]

1.d4 Nf6 2.c4 c5 3.d5 e6 4.Nc3 exd5 5.cxd5 d6 6.Nf3 g6 7.Nd2 Nbd7 8.e4 Bg7
9.Be2 O-O 10.O-O a6 11.a4 Ne5 12.Qc2 Rb8 13.Nc4 Nxc4 14.Bxc4 Ng4 15.h3 Ne5
16.Be2 g5 17.Ra3 f5 18.f4 gxf4 19.Bxf4 Ng6 20.Bg3 f4 21.Be1 Qg5 22.Nd1 b5
23.axb5 axb5 24.b4 c4 25.Kh1 Be5 26.Bf3 Rb7 27.Qf2 Qh6 28.Nc3 Bxh3 29.Kg1 Rg7
30.Ra7 Bd7 31.Ne2 Bf6 32.Bd2 Bh4 33.Qd4 Bg5 34.Bc3 Ne5 35.Qd2 Bd8 36.Ra6 Rg6
37.Bxe5 dxe5 38.d6 Qg7 39.Nc3 Bc8 40.Qd5+ Kh8 41.Rc6 Bb7 42.Nxb5 Bb6+ 43.Rxb6 Bxd5
44.exd5 Rg3 45.Ra6 Rg8 46.Kf2 Rxg2+ 47.Bxg2 Qxg2+ 48.Ke1 Qe4+  0-1

[Event "5th ZNG111 GM"]
[Site "Opatija CRO"]
[Date "2003.06.12"]
[Round "6"]
[White "Brancaleoni,M"]
[Black "Fercec,N"]
[Result "0-1"]
[WhiteElo "2292"]
[BlackElo "2442"]

1.d4 Nf6 2.c4 c5 3.d5 e6 4.Nc3 exd5 5.cxd5 d6 6.Nf3 g6 7.Nd2 Bg7 8.e4 O-O
9.Be2 a6 10.a4 Nbd7 11.O-O Ne8 12.Nc4 Ne5 13.Ne3 Rb8 14.Bd2 f5 15.f4 Nf7
16.exf5 gxf5 17.Qc2 Nh6 18.Bd3 Bd7 19.a5 Nc7 20.Qb3 Ne8 21.h3 Nf6 22.Qb6 Qxb6
23.axb6 Ne4 24.Bxe4 fxe4 25.g4 Bd4 26.Kg2 Bb5 27.Nxb5 axb5 28.Ra5 b4 29.Nc4 Nf7
30.Re1 Rfe8 31.f5 Ne5 32.Nxd6 Red8 33.Nxe4 Nc4 34.Rb5 Rxd5 35.Bxb4 Rc8 36.Rxc5 Rdxc5
37.Bxc5 Bxc5 38.Rc1 Bxb6 39.Kg3 Bc7+ 40.Kh4 Nd2 41.Nc3 Ne4 42.g5 Be5 43.Rb1 Ng3
44.Kg4 Rc4+ 45.Kf3 Nxf5 46.Nd5 Rd4 47.Nb6 Kf7 48.b3 Bc7 49.Nc4 b5 50.Na3 Rb4
51.Nc2 Nd4+ 52.Nxd4 Rxd4 53.Ra1 Kg6 54.Ra7 Be5 55.Rb7 Rb4 56.h4 Bd4 57.Rc7 Bb2
58.Rc6+ Kf5 59.Rh6 Rxb3+ 60.Ke2 Bg7  0-1

[Event "TCh-NED Playoff"]
[Site "Enschede NED"]
[Date "2003.06.22"]
[Round "2"]
[White "Strating,S"]
[Black "Hoffmann,Mi"]
[Result "0-1"]
[WhiteElo "2302"]
[BlackElo "2435"]

1.d4 Nf6 2.c4 e6 3.Nf3 c5 4.d5 d6 5.Nc3 exd5 6.cxd5 g6 7.Bf4 a6 8.a4 Bg7
9.h3 O-O 10.e3 Qe7 11.Be2 Nbd7 12.O-O Ne8 13.Qd2 f5 14.Rfd1 h6 15.Rab1 g5
16.Bg3 Nef6 17.Qc2 Nh5 18.Bh2 g4 19.Nd2 g3 20.Bxh5 gxh2+ 21.Kxh2 Qh4 22.Be2 Qxf2
23.Nc4 Be5+ 24.Kh1 Qg3 25.Nxe5 Nxe5 26.Rf1 Qxe3 27.Rbe1 Qg5 28.Bf3 Bd7 29.Qb3 b5
30.Rxe5 dxe5 31.axb5 axb5 32.Nxb5 Rab8 33.Be2 Kh8 34.Bc4 Rf6 35.Qd3 e4 36.Qb3 Qg7
37.d6 Rxd6 38.Nxd6 Rxb3 39.Bxb3 Qxb2 40.Bd1 Qd4 41.Nf7+ Kg7 42.Bh5 Be6 43.Rd1 Bxf7  0-1

[Event "TCh-BIH"]
[Site "Jahorina BIH"]
[Date "2003.06.23"]
[Round "4"]
[White "Atalik,S"]
[Black "Kovacevic,A"]
[Result "1-0"]
[WhiteElo "2568"]
[BlackElo "2536"]

1.d4 Nf6 2.c4 e6 3.Nf3 c5 4.d5 exd5 5.cxd5 d6 6.Nc3 g6 7.e4 Bg7 8.Bf4 a6
9.Qa4+ Bd7 10.Qb3 Bc8 11.a4 O-O 12.Be2 Qe7 13.Nd2 Nbd7 14.O-O Ne5 15.Rae1 Ne8
16.Bg3 g5 17.Nd1 b5 18.axb5 axb5 19.Qxb5 Nc7 20.Qb3 Bd7 21.Nc3 Rfb8 22.Qc2 Na6
23.Nc4 Nb4 24.Qd2 Na2 25.Nd1 Ra4 26.Nde3 Nxc4 27.Nxc4 Rxc4 28.Bxc4 Rxb2 29.Qa5 Nb4
30.Qc7  1-0

[Event "4th Open"]
[Site "Marseille FRA"]
[Date "2003.06.28"]
[Round "1"]
[White "Hulin,J"]
[Black "Abergel,T"]
[Result "0-1"]
[WhiteElo "2026"]
[BlackElo "2365"]

1.d4 c5 2.d5 Nf6 3.c4 e6 4.Nc3 exd5 5.cxd5 d6 6.Nf3 g6 7.Nd2 Nbd7 8.e4 a6
9.a4 Bg7 10.Be2 O-O 11.O-O h6 12.Nc4 Nb6 13.Ne3 Bd7 14.Ra3 Re8 15.f3 Rb8
16.a5 Na8 17.Nc4 Bb5 18.Be3 Nc7 19.Qd2 Kh7 20.Rb1 Bxc4 21.Bxc4 b5 22.axb6 Rxb6
23.Rba1 Qb8 24.R1a2 Qb7 25.Qe2 Ra8 26.Ra5 Nd7 27.Na4 Rb4 28.Bd2 Ne5 29.b3 Nxc4
30.bxc4 Rb1+ 31.Kf2 Qb3 32.Be3 Rb8 33.Nxc5 dxc5 34.Bxc5 Qc3 35.Kg3 Qe5+ 36.f4 R8b3+
37.Be3 Qxe4  0-1

[Event "2nd Open"]
[Site "La Fere FRA"]
[Date "2003.07.04"]
[Round "9"]
[White "Rigolot,M"]
[Black "Croenne,O"]
[Result "1/2-1/2"]
[WhiteElo "1960"]
[BlackElo "2098"]

1.d4 Nf6 2.c4 e6 3.Nc3 c5 4.d5 exd5 5.cxd5 d6 6.Nf3 g6 7.Bf4 a6 8.a4 Bg7
9.h3 O-O 10.e3 Qe7 11.Nd2 Nbd7 12.Nc4 Ne8 13.Be2 Ne5 14.Nb6 Rb8 15.a5 g5
16.Bh2 Bf5 17.Bxe5 Bxe5 18.Bg4 Bxg4 19.hxg4 Nf6 20.Qd3 Rbd8 21.Ke2 Bxc3 22.bxc3 Qe4
23.Qxe4 Nxe4 24.c4 f5 25.Rh6  1/2-1/2

[Event "32nd TCh-GRE"]
[Site "Kallithea Chalkidiki GRE"]
[Date "2003.07.06"]
[Round "3"]
[White "Simeonidis,I"]
[Black "Nikolaidis,I"]
[Result "1/2-1/2"]
[WhiteElo "2283"]
[BlackElo "2478"]

1.d4 Nf6 2.Nf3 e6 3.c4 c5 4.d5 d6 5.Nc3 exd5 6.cxd5 g6 7.Nd2 Bg7 8.e4 O-O
9.Be2 Nbd7 10.O-O Re8 11.Kh1 h5 12.f4 Nf8 13.f5 N8h7 14.Nf3 gxf5 15.exf5 Bxf5
16.Bd3 Qc8 17.Nh4 Bxd3 18.Qxd3 Qg4 19.Nf5 Qg6 20.Bf4  1/2-1/2

[Event "1st Stage Russian Cup"]
[Site "Tomsk RUS"]
[Date "2003.07.08"]
[Round "5"]
[White "Kotov,M"]
[Black "Yakovlev,M"]
[Result "1-0"]
[WhiteElo "2312"]
[BlackElo "2176"]

1.d4 Nf6 2.c4 e6 3.Nf3 c5 4.d5 exd5 5.cxd5 d6 6.Nc3 g6 7.Nd2 a6 8.a4 Nbd7
9.e4 Bg7 10.Be2 Rb8 11.a5 O-O 12.O-O g5 13.Nc4 Ne8 14.Qc2 Ne5 15.Ne3 h6 16.Re1 Nf6
17.Ra3 g4 18.Bd2 Nh7 19.Ncd1 Qh4 20.Nf1 f5 21.exf5 Bxf5 22.Qc1 Be4 23.Bf4 Ng5
24.Bxe5 Bxe5 25.Ng3 Rf7 26.Qd2 Rbf8 27.b4 Bd4 28.Re3 Bxd5 29.bxc5 dxc5 30.Qd3 Ne6
31.Rxe6 Bxe6 32.Qg6+ Kh8 33.Qxe6 Rxf2 34.Kh1 Rxg2 35.Kxg2 Qh3+ 36.Kh1  1-0

[Event "1st Stage Russian Cup"]
[Site "Tomsk RUS"]
[Date "2003.07.12"]
[Round "9"]
[White "Nigametzianov,M"]
[Black "Kravtsov,S"]
[Result "1/2-1/2"]
[WhiteElo "2269"]
[BlackElo "2390"]

1.d4 Nf6 2.Nf3 e6 3.c4 c5 4.d5 exd5 5.cxd5 d6 6.Nc3 g6 7.e4 Bg7 8.Be2 O-O
9.Nd2 Re8 10.O-O Nbd7 11.Qc2 Nh5 12.Nc4 Ne5 13.Nxe5 Bxe5 14.Bxh5 gxh5 15.Ne2 Qh4
16.f4 Bg7 17.Be3 b6 18.Nc3 f5 19.Rae1 Ba6 20.Rf2 Bxc3 21.Qxc3 Rxe4 22.Rf3 Kf7
23.Rh3 Qf6 24.Qd2 Qh6 25.Qd1 h4 26.Bf2 Rxe1+ 27.Qxe1 Re8 28.Qc1 Qg7 29.Ra3 Bb7
30.Rxa7 Kg8  1/2-1/2

[Event "3rd Open"]
[Site "St Chely d'Aubrac FRA"]
[Date "2003.07.16"]
[Round "5"]
[White "Verat,L"]
[Black "Marzolo,C"]
[Result "1/2-1/2"]
[WhiteElo "2327"]
[BlackElo "2479"]

1.d4 Nf6 2.c4 e6 3.Nf3 c5 4.d5 exd5 5.cxd5 d6 6.Nc3 g6 7.g3 Bg7 8.Bg2 O-O
9.O-O a6 10.a4 b5 11.axb5 Bb7 12.bxa6 Bxa6 13.Bf4 Nh5 14.Bg5 Qb6 15.Qc1 Re8
16.Re1 Nd7 17.e4 Rab8 18.g4 Nhf6 19.h3 h5 20.Bxf6 Nxf6 21.e5 dxe5 22.Nxe5 hxg4
23.hxg4 Rxe5 24.Rxe5 Bd3 25.Re1 c4 26.Qf4 Rd8 27.Ra2 Bf8 28.Rea1 Bd6 29.Qf3 Bb8
30.Ra6 Qc7 31.d6 Rxd6 32.Ra8 Kg7 33.Nb5 Qb6 34.Nxd6 Qxd6 35.Qg3 Qxg3 36.fxg3 Be5
37.g5 Bd4+ 38.Kh1 Ne4 39.Kh2 Bxb2 40.Bxe4 Bxe4 41.Re8 Bf5 42.Raa8 Bd4 43.Ra4 Bd3
44.Rxc4 Bxc4 45.Re4 Be6 46.Rxd4 Ba2 47.Rd8 Be6 48.Rb8 Ba2 49.Kh3 Be6+ 50.Kg2 Bd5+
51.Kf2 Be6 52.Ke3 Bd5 53.Kd4 Be6 54.Ke5 Bc4 55.Kd6 Be6 56.Ke7 Bd5 57.Rb6 Ba2
58.Rf6  1/2-1/2

[Event "ch-NED Open"]
[Site "Dieren NED"]
[Date "2003.07.23"]
[Round "2"]
[White "Verholt,G"]
[Black "Van der Poel,H"]
[Result "0-1"]
[WhiteElo "2127"]
[BlackElo "2295"]

1.d4 Nf6 2.c4 c5 3.d5 e6 4.Nc3 exd5 5.cxd5 d6 6.Nf3 g6 7.h3 Bg7 8.Bf4 O-O
9.e3 a6 10.a4 Nh5 11.Bh2 f5 12.Be2 f4 13.e4 Nd7 14.Nd2 Ne5 15.Qc2 Qg5 16.O-O-O b5
17.Nf3 Nxf3 18.Bxf3 Bd7 19.h4 Qe5 20.g4 fxg3 21.Bxh5 gxh2 22.Be2 b4  0-1

[Event "ch-NED Open"]
[Site "Dieren NED"]
[Date "2003.07.24"]
[Round "3"]
[White "Levin,F"]
[Black "Dambacher,M"]
[Result "0-1"]
[WhiteElo "2520"]
[BlackElo "2403"]

1.d4 Nf6 2.c4 c5 3.d5 e6 4.Nc3 exd5 5.cxd5 d6 6.Nf3 g6 7.Qa4+ Nbd7 8.Bf4 a6
9.e4 Rb8 10.Qc2 b5 11.Be2 Qe7 12.Nd2 Bg7 13.a4 b4 14.Nd1 O-O 15.Ne3 b3 16.Qb1 Re8
17.O-O Rb4 18.Bf3 Ne5 19.Be2 Ned7 20.Bf3 Nb6 21.Bg3 a5 22.Rc1 Ba6 23.Ra3 Nxa4
24.Nxb3 Nxe4 25.Nxa5 Bxb2 26.Nc6 Bxa3 27.Nxe7+ Rxe7 28.Qc2 Bxc1 29.Bxe4 Rexe4
30.Qxc1 Nc3  0-1

[Event "6th Magistral"]
[Site "Vicente Lopez ARG"]
[Date "2003.07.30"]
[Round "7"]
[White "Slipak,S"]
[Black "Lafuente,P"]
[Result "1-0"]
[WhiteElo "2497"]
[BlackElo "2431"]

1.d4 Nf6 2.c4 c5 3.d5 e6 4.Nc3 exd5 5.cxd5 d6 6.Nf3 g6 7.Bf4 a6 8.a4 Qe7
9.h3 Nbd7 10.e3 Bg7 11.Be2 O-O 12.Nd2 Rb8 13.O-O Ne8 14.Nc4 Ne5 15.Nb6 f5
16.Bh2 Nf6 17.Qc2 Nfd7 18.Nxc8 Rbxc8 19.Rfe1 c4 20.Bxe5 Qxe5 21.Bf1 Qf6 22.Rad1 Qd8
23.Ne2 Qa5 24.Nd4 c3 25.bxc3 Rxc3 26.Qb1 Nc5 27.Ne6 Rf7 28.Nxg7 Rxg7 29.Rd4 Rb3
30.Qa1 Qc3 31.Qd1 Ra3 32.Rc4 Qa5 33.e4 fxe4 34.Rexe4 Nxe4 35.Rc8+ Kf7 36.Qg4 Qxd5
37.Bc4 Ra1+ 38.Kh2 Rh1+ 39.Kxh1 Nxf2+ 40.Kg1 Nxg4 41.Bxd5+ Kf6 42.hxg4 Ke5
43.Bf3 Rd7 44.Kf2 Kd4 45.Ke2 d5 46.Kd2 g5 47.Rg8 b5 48.a5 Kc4 49.Rxg5 d4
50.Be4 Kb4 51.Rh5 Kxa5 52.Rxh7  1-0

[Event "HZ Open"]
[Site "Vlissingen NED"]
[Date "2003.08.08"]
[Round "8"]
[White "Schmitz,Ma"]
[Black "Leuw,M"]
[Result "0-1"]
[WhiteElo "2094"]
[BlackElo "2201"]

1.d4 Nf6 2.c4 c5 3.d5 e6 4.Nc3 exd5 5.cxd5 d6 6.Nf3 g6 7.Bg5 h6 8.Bh4 g5
9.Bg3 Nh5 10.e3 Nxg3 11.hxg3 Bg7 12.Bd3 a6 13.a4 Nd7 14.Qc2 Nf6 15.O-O O-O
16.Nd2 Ng4 17.Bh7+ Kh8 18.Bf5 Qf6 19.Bxc8 Raxc8 20.Nce4 Qe7 21.Nc4 Rcd8 22.a5 f5
23.Nc3 Qe8 24.f3 Nxe3 25.Nxe3 Qxe3+ 26.Kh2 Qe8 27.Ne2 Qh5+ 28.Kg1 Rde8 29.Rad1 Re3
30.Rfe1 Rfe8 31.Kf2 f4 32.Qc1 Bd4 33.Rxd4 cxd4 34.Qd2 d3  0-1

[Event "Independence Cup"]
[Site "Kyiv UKR"]
[Date "2003.08.14"]
[Round "2"]
[White "Dzupin,D"]
[Black "Matorin,E"]
[Result "1-0"]
[WhiteElo "2301"]
[BlackElo "2326"]

1.d4 Nf6 2.c4 e6 3.Nf3 c5 4.d5 exd5 5.cxd5 d6 6.Nc3 Be7 7.Nd2 O-O 8.e4 Re8
9.Be2 Bf8 10.O-O b6 11.f3 Ba6 12.Nb5 Bxb5 13.Bxb5 Nbd7 14.Bc6 Rb8 15.Qa4 Qc7
16.Bb5 Red8 17.Qc2 Ra8 18.a4 a6 19.Be2 Re8 20.Nc4 b5 21.Na3 Qb6 22.axb5 axb5
23.Be3 Nxd5 24.exd5 Rxe3 25.Nc4 Rxe2 26.Qxe2 Qb7 27.Rxa8 Qxa8 28.Na3 b4 29.Nc4 Nf6
30.Rd1 g6 31.b3 Qc8 32.g4 h6 33.Kg2 Qd7 34.Kg3 Qb7 35.f4 Qa8 36.Qf3 Qa2 37.Re1 Qc2
38.Qd1 Qa2 39.Qd3 h5 40.Re2 Qa1 41.g5 Qg1+ 42.Rg2 Qe1+ 43.Kf3 Ne8 44.Qe2 Qc3+
45.Qe3 Nc7 46.Qxc3 bxc3 47.Ke4 Nb5 48.Kd3 f5 49.Ne3 Bg7 50.Nc2 Kf7 51.Re2 Nc7
52.Kc4 Bf8 53.Na3 Na8 54.Kb5 Nc7+ 55.Kc6 Na6 56.Nc2 Nb8+ 57.Kb7 c4 58.b4  1-0

[Event "It"]
[Site "Lviv UKR"]
[Date "2003.08.15"]
[Round "8"]
[White "Pean,L"]
[Black "Oleksienko,M"]
[Result "0-1"]
[WhiteElo "2116"]
[BlackElo "2405"]

1.d4 Nf6 2.c4 c5 3.d5 e6 4.Nc3 exd5 5.cxd5 d6 6.Nf3 g6 7.e4 Bg7 8.Bd3 O-O
9.O-O Bg4 10.h3 Bxf3 11.gxf3 a6 12.a4 Nbd7 13.f4 Re8 14.Re1 Rc8 15.Bc4 Nh5
16.a5 Bd4 17.Bd2 Qf6 18.Re3 Nxf4 19.Rf3 Qg5+ 20.Rg3 Qxg3+  0-1

[Event "ADCF Masters"]
[Site "Abu Dhabi UAE"]
[Date "2003.08.19"]
[Round "4"]
[White "Malyshev,V"]
[Black "Rause,O"]
[Result "1-0"]
[WhiteElo "2377"]
[BlackElo "2222"]

1.d4 Nf6 2.c4 e6 3.Nc3 c5 4.d5 d6 5.Nf3 exd5 6.cxd5 g6 7.Nd2 Bg7 8.e4 a6
9.a4 Nbd7 10.Be2 O-O 11.O-O Re8 12.f4 c4 13.Kh1 Nc5 14.e5 dxe5 15.Nxc4 exf4
16.Bxf4 Nfe4 17.Nxe4 Nxe4 18.a5 b5 19.axb6 Bb7 20.Ra5 Rc8 21.Bc7 Rxc7 22.bxc7 Qxc7
23.Qd3 Bf8 24.Raa1 Qc5 25.Qf3 Bxd5 26.Ra5 Qc6 27.Ne3 Be6 28.Rxa6 Qb7 29.Bd3 Bb3
30.Nc4 f5 31.Rb6 Qc7 32.Rxb3 Nc5 33.Rc3 Bg7 34.Qd5+ Kh8 35.Nd6  1-0

[Event "1st League TCh-SCG w"]
[Site "Budva SCG"]
[Date "2003.09.01"]
[Round "4"]
[White "Kizova,S"]
[Black "Chelushkina,I"]
[Result "1/2-1/2"]
[WhiteElo "2104"]
[BlackElo "2362"]

1.d4 Nf6 2.c4 e6 3.Nf3 c5 4.d5 exd5 5.cxd5 d6 6.Nc3 a6 7.a4 Bf5 8.g3 Be7
9.Bg2 Ne4 10.Nxe4 Bxe4 11.O-O Nd7 12.Nd2 Bxg2 13.Kxg2 O-O 14.e4 b5 15.axb5 axb5
16.Rxa8 Qxa8 17.Qe2 c4 18.Nf3 Bf6 19.Bf4 Qa6 20.Qc2 Re8 21.Be3 h6 22.Bd4 Qb7
23.Ra1 Ra8 24.Rxa8+ Qxa8 25.b3 cxb3 26.Qxb3 Qa4 27.Qc3 Qc4 28.Qa3 Kh7 29.Qa7 Ne5
30.Bxe5 dxe5 31.d6 Qxe4 32.Qxf7 Qc6 33.Qc7 Qd5 34.Qc2+ Kg8 35.Qc8+ Kh7 36.Qf5+ Kg8
37.Qc8+ Kf7 38.Qd7+ Kg6 39.Qg4+ Kh7 40.Qf5+ Kh8 41.Qc8+  1/2-1/2

[Event "VII Pablo Gorbea"]
[Site "Madrid ESP"]
[Date "2003.09.03"]
[Round "3"]
[White "Timon Piote,S"]
[Black "Kovacevic,Sl"]
[Result "0-1"]
[WhiteElo "2185"]
[BlackElo "2387"]

1.d4 Nf6 2.Nf3 e6 3.c4 c5 4.d5 exd5 5.cxd5 d6 6.Nc3 g6 7.h3 a6 8.a4 Qe7 9.Nd2 Nbd7
10.e4 Bh6 11.Bd3 Nh5 12.Nc4 Bxc1 13.Qxc1 Ne5 14.Nxe5 Qxe5 15.Ne2 f5 16.Qc3 Qxc3+
17.bxc3 fxe4 18.Bxe4 Nf6 19.Bf3 Kd8 20.O-O Kc7 21.a5 Re8 22.Rfe1 Bd7 23.Rab1 Bf5
24.Rbd1 g5 25.c4 Bc2 26.Rd2 Bg6 27.Bg4 Nxg4 28.hxg4 Re4 29.Rc1 Rae8 30.Ng3 Rxg4
31.Nf1 Rb8 32.Ne3 Rd4 33.Rb2 b5 34.axb6+ Rxb6 35.Ra2 Kb7 36.Rca1 Ka7 37.Kh2 h5
38.Ra5 Rh4+ 39.Kg3 Kb7 40.R5a2 Ka7 41.Ra3 Bb1 42.Ra5 Rd4 43.Kh2 Rd2 44.f3  0-1

[Event "V Open"]
[Site "Sants ESP"]
[Date "2003.09.03"]
[Round "5"]
[White "Stocek,J"]
[Black "Lacasa Diaz,J"]
[Result "0-1"]
[WhiteElo "2539"]
[BlackElo "2398"]

1.d4 Nf6 2.c4 c5 3.d5 e6 4.Nc3 exd5 5.cxd5 d6 6.Nf3 g6 7.Bf4 a6 8.a4 Bg7
9.h3 O-O 10.e3 Re8 11.Bd3 Nh5 12.Bh2 Nd7 13.O-O Ne5 14.Nxe5 Bxe5 15.Bxe5 Rxe5
16.Qd2 Bd7 17.f4 Re8 18.e4 b5 19.axb5 axb5 20.Rxa8 Qxa8 21.Qf2 b4 22.Ne2 f5
23.Qf3 fxe4 24.Bxe4 Bb5 25.Bd3 c4 26.Bb1 c3 27.Rf2 Qa1 28.bxc3 Qxb1+ 29.Kh2 Qe4  0-1

[Event "FSGM September"]
[Site "Budapest HUN"]
[Date "2003.09.08"]
[Round "3"]
[White "Banusz,T"]
[Black "Pilgaard,K"]
[Result "1-0"]
[WhiteElo "2322"]
[BlackElo "2446"]

1.d4 Nf6 2.c4 e6 3.Nf3 c5 4.d5 exd5 5.cxd5 d6 6.Nc3 g6 7.Nd2 Nbd7 8.e4 Bg7
9.Be2 O-O 10.O-O Re8 11.a4 Ne5 12.Qc2 g5 13.Ra3 h6 14.Re1 Nfd7 15.Nf1 Nf8
16.Ng3 Nfg6 17.Nd1 Nh4 18.Nh5 Bh8 19.f4 Ng4 20.f5 Bd4+ 21.Kh1 Ne5 22.Rf1 Rf8
23.Ne3 Bd7 24.Nc4 Nxc4 25.Bxc4 Qe7 26.Be3 Bxa4 27.Qxa4 Qxe4 28.Rg1 Bxb2 29.Ng3 Qe7
30.Rb3 Be5 31.Bd3 Rfe8 32.Qg4 a6 33.Ne4 c4 34.Bxc4 Bf4 35.Nxg5 Bxg5 36.Bxg5 Qxg5
37.Rg3 Kf8 38.Qd4 Qd8 39.Qg7+ Ke7 40.f6+ Kd7 41.Qxf7+ Kc8 42.Rg7 Ra7 43.Bxa6 Rf8
44.Qe7 Nf5 45.Qe6+ Kb8 46.Qxf5 bxa6 47.Rb1+ Ka8 48.Rxa7+ Kxa7 49.Qh7+  1-0

[Event "7th Itau Cup"]
[Site "Sao Paulo BRA"]
[Date "2003.09.28"]
[Round "2"]
[White "Marques,V"]
[Black "Zenni,M"]
[Result "1-0"]
[WhiteElo "2380"]
[BlackElo "2120"]

1.d4 Nf6 2.c4 e6 3.Nf3 c5 4.d5 exd5 5.cxd5 d6 6.Nc3 g6 7.Bf4 a6 8.a4 Bg7
9.e3 O-O 10.h3 Qe7 11.Be2 Bf5 12.Nd2 Rd8 13.O-O h5 14.Bg5 Re8 15.e4 Bc8 16.f4 Qc7
17.Bf3 Nbd7 18.Kh1 Rb8 19.Be2 Nf8 20.Bd3 N8h7 21.Bh4 Bd7 22.Bg3 Nf8 23.e5 dxe5
24.fxe5 Rxe5 25.d6 Qc6 26.Bxe5 Bxh3 27.Qf3 Qxf3 28.Rxf3 Bg4 29.Bxf6 Bxf3
30.Bxg7 Bxg2+ 31.Kxg2 Kxg7 32.a5 Rd8 33.Nc4 Ne6 34.Be4 g5 35.Bxb7 g4 36.Bd5 Nf4+
37.Kg3 Ng6 38.Be4 Nf8 39.Bf5 Kf6 40.Rf1 Kg5 41.Ne4+ Kh6 42.Rh1 Rb8 43.Bxg4 Rb3+
44.Nc3 Rb4 45.Rxh5+ Kg7 46.Rxc5  1-0

[Event "YM"]
[Site "Zug SUI"]
[Date "2003.10.07"]
[Round "1"]
[White "Bromberger,S"]
[Black "Van Beek,L"]
[Result "1/2-1/2"]
[WhiteElo "2448"]
[BlackElo "2336"]

1.d4 Nf6 2.c4 e6 3.Nf3 c5 4.d5 exd5 5.cxd5 d6 6.Nc3 g6 7.e4 Bg7 8.h3 O-O
9.Bd3 a6 10.a4 Nbd7 11.O-O Qe7 12.Bf4 Nh5 13.Bh2 Qf6 14.Qd2 Ne5 15.Be2 Qe7
16.Nxe5 Bxe5 17.Bxh5 Bxh2+ 18.Kxh2 Qe5+ 19.f4 Qxh5 20.Rae1 f6 21.f5 g5 22.e5 dxe5
23.Ne4 g4 24.Qe2 b6 25.Qxg4+ Qxg4 26.hxg4 Bb7 27.g5 fxg5 28.Nxg5 Bxd5 29.Rxe5 Rad8
30.Ne6 Bxe6 31.Rxe6 b5 32.Rxa6 bxa4 33.Rxa4 Rd2 34.Rg4+ Kf7 35.b3 Rd3 36.Rg3 Rxg3
37.Kxg3 Rb8 38.Rf3 Rb4 39.Rc3 Kf6 40.Kf3 h5 41.g3 Kxf5 42.Rxc5+ Ke6 43.Rc3 Ke5
44.Rd3 h4 45.Re3+ Kf5 46.g4+ Rxg4 47.Re5+ Kxe5 48.Kxg4 Kd4 49.Kxh4 Kc3 50.Kg3 Kxb3  1/2-1/2

[Event "Open"]
[Site "Winterthur SUI"]
[Date "2003.10.09"]
[Round "7"]
[White "Zambo,Z"]
[Black "Kulczyk,P"]
[Result "1-0"]
[WhiteElo "2196"]
[BlackElo "2102"]

1.d4 Nf6 2.Nf3 e6 3.c4 c5 4.d5 exd5 5.cxd5 d6 6.Nc3 g6 7.h3 Bg7 8.e4 O-O
9.Be2 a6 10.a4 Nbd7 11.O-O Qc7 12.Nd2 Ne8 13.Nc4 Ne5 14.f4 Nxc4 15.Bxc4 Kh8
16.f5 gxf5 17.exf5 h6 18.Qh5 Nf6 19.Qh4 Kh7 20.Bg5  1-0

[Event "YM"]
[Site "Zug SUI"]
[Date "2003.10.11"]
[Round "5"]
[White "Moor,O"]
[Black "Allemann,A"]
[Result "1-0"]
[WhiteElo "2352"]
[BlackElo "2271"]

1.d4 Nf6 2.c4 c5 3.d5 e6 4.Nc3 exd5 5.cxd5 d6 6.Nf3 g6 7.Bf4 Bg7 8.Qa4+ Bd7
9.Qb3 Qc7 10.e4 O-O 11.Nd2 Nh5 12.Be3 f5 13.exf5 gxf5 14.Be2 Be8 15.Nf3 h6
16.O-O a6 17.a4 Nd7 18.Rfe1 Rc8 19.Qd1 Qd8 20.a5 Ndf6 21.Bd3 Ng4 22.Bc1 Kh8
23.Be2 Nhf6 24.Qc2 Nh5 25.Bd3 Qf6 26.Re6 Qf7 27.Rxd6 c4 28.Bf1 Qc7 29.Rb6 Qf7
30.h3 Ngf6 31.Ne5 Qg8 32.Qd1 f4 33.Qf3 Rd8 34.Bxc4 Nd7 35.Ng6+ Bxg6 36.Rxg6 Ne5
37.Qxh5 Nxc4 38.Bxf4 Rxf4 39.Rxh6+ Bxh6 40.Qxh6+ Qh7 41.Qxf4  1-0

[Event "Classics II IM"]
[Site "Gausdal NOR"]
[Date "2003.10.23"]
[Round "3"]
[White "Valaker,O"]
[Black "Olsson,L"]
[Result "1/2-1/2"]
[WhiteElo "2208"]
[BlackElo "2269"]

1.d4 Nf6 2.Nf3 e6 3.c4 c5 4.d5 d6 5.Nc3 exd5 6.cxd5 g6 7.Bf4 Bg7 8.Qa4+ Bd7
9.Qb3 Qc7 10.e4 O-O 11.e5 Nh5 12.exd6 Re8+ 13.Be3 Qxd6 14.Qxb7 Qb6 15.Qxb6 axb6
16.Be2 Na6 17.Bxa6 Rxa6 18.O-O Rea8 19.Rfd1 Bxc3 20.bxc3 Rxa2 21.Rxa2 Rxa2
22.Ne5 Ba4 23.Rb1 Nf6 24.c4 Nd7 25.Nxd7 Bxd7 26.h4 Ra6 27.Kh2 f6 28.Bf4 Kf7
29.Bc7 Ra4 30.Rc1 Rb4 31.f3 Ba4 32.Re1 Rxc4 33.d6 Rxh4+ 34.Kg3 Rd4 35.Re7+ Kg8
36.Bxb6 Rxd6 37.Bxc5  1/2-1/2

[Event "WYg18"]
[Site "Halkidiki GRE"]
[Date "2003.10.23"]
[Round "1"]
[White "Kursova,M"]
[Black "Khoo,T"]
[Result "1-0"]
[WhiteElo "2275"]
[BlackElo "2054"]

1.d4 Nf6 2.Nf3 e6 3.c4 c5 4.d5 d6 5.Nc3 exd5 6.cxd5 g6 7.e4 a6 8.h3 b5 9.Bd3 Bg7
10.a3 O-O 11.O-O Re8 12.Re1 Nbd7 13.Bf4 Ne5 14.Nxe5 dxe5 15.Be3 Qd6 16.Rc1 Nd7
17.b3 Bb7 18.a4 b4 19.Nb1 Rf8 20.Nd2 Rac8 21.Nc4 Qc7 22.Qg4 Nf6 23.Qe2 Nd7
24.Rc2 f5 25.f3 Rf7 26.d6 Qd8 27.Nd2 f4 28.Bf2 Kh8 29.Bxa6 Bxa6 30.Qxa6 Nb8
31.Qd3 Rd7 32.Rxc5 Rxc5 33.Bxc5 Qa5 34.Qb5  1-0

[Event "WYb16"]
[Site "Halkidiki GRE"]
[Date "2003.10.24"]
[Round "2"]
[White "Mankeyev,Raua"]
[Black "Moranda,W"]
[Result "1/2-1/2"]
[WhiteElo "2254"]
[BlackElo "2373"]

1.d4 Nf6 2.c4 e6 3.Nf3 c5 4.d5 d6 5.Nc3 exd5 6.cxd5 g6 7.e4 a6 8.a4 Bg4 9.Be2 Bxf3
10.Bxf3 Nbd7 11.Bf4 Qe7 12.O-O Bg7 13.Re1 O-O 14.a5 Rfe8 15.Na4 h5 16.Ra3 Nh7
17.h3 Rab8 18.Rb3 Ne5 19.Be2 Nf6 20.Bf1 Qc7 21.Nb6 Nfd7 22.Qc2 Bf6 23.Bh2 Nxb6
24.Rxb6 Bd8 25.Bxe5 Rxe5 26.f4 Re8 27.Qc3 Qd7 28.Rb3 Qa4 29.Ra3 Qb4 30.Bc4 Bf6
31.Qxb4 cxb4 32.Rb3 Bd8 33.e5 Rc8 34.Bd3 Bxa5 35.e6 Kg7 36.f5 fxe6 37.dxe6 gxf5
38.Bxf5 Rc5 39.Rg3+ Kf6 40.Bg6 Re7 41.Bf7 Bb6 42.Kh1 Rg5 43.Rf1+ Rf5 44.Rg6+ Ke5
45.Rxf5+ Kxf5 46.Rh6 Bd4 47.Rxh5+ Kf6 48.Rh6+ Kg7 49.Rg6+ Kh7 50.b3 a5 51.Rg5 Be5
52.g4 b5 53.Rh5+ Kg7 54.Rg5+  1/2-1/2

[Event "TCh-FIN 2003-4"]
[Site "Finland FIN"]
[Date "2003.10.25"]
[Round "3"]
[White "Lassila,E"]
[Black "Lampen,T"]
[Result "0-1"]
[WhiteElo "2356"]
[BlackElo "2328"]

1.d4 Nf6 2.Nf3 e6 3.c4 c5 4.d5 exd5 5.cxd5 d6 6.Nc3 g6 7.e4 a6 8.a4 Bg4 9.Be2 Bxf3
10.Bxf3 Nbd7 11.O-O Bg7 12.Be2 Qe7 13.Qc2 O-O 14.f4 Rfe8 15.Bf3 c4 16.Bd2 Nc5
17.Rae1 Nd3 18.Re2 Nd7 19.b3 Qf6 20.bxc4 Qd4+ 21.Re3 Nb4 22.Qd1 Qxc4 23.Be2 Qd4
24.Kh1 Nc5 25.Bf3 Ncd3 26.Ne2 Qc4 27.Bxb4 Nxb4 28.e5 Qc5 29.Rc3 Qb6 30.Rc4 dxe5
31.Qd2 a5 32.fxe5 Bxe5 33.Rh4 Bf6 34.Rh3 Qe3 35.Qd1 Nd3 36.d6 Nf2+ 37.Rxf2 Qxf2
38.d7 Re3 39.Bg4 Rxh3 40.Bxh3 Be7 41.Bg4 Rd8 42.h3 Bb4 43.Qd5 Qf6 44.Qxb7 h5
45.Bf3 Qa1+ 46.Kh2 Qxa4 47.Bc6 Bd6+ 48.g3 Qc2 49.Bb5 h4 50.Qd5 Rxd7 51.Bxd7 Qxe2+
52.Kg1 Bxg3 53.Qd4 Be5 54.Qd5 Bh2+ 55.Kh1 Bb8  0-1

[Event "Classics II IM"]
[Site "Gausdal NOR"]
[Date "2003.10.28"]
[Round "10"]
[White "Olsson,L"]
[Black "Lie,Es"]
[Result "1/2-1/2"]
[WhiteElo "2269"]
[BlackElo "2266"]

1.d4 Nf6 2.Nf3 e6 3.c4 c5 4.d5 exd5 5.cxd5 d6 6.Nc3 g6 7.g3 Bg7 8.Bg2 O-O
9.O-O a6 10.a4 Nbd7 11.Nd2 Nh5 12.Qc2 f5 13.b3 Qe7 14.Bb2 f4 15.Nc4 Ndf6
16.Qd2 Bh6 17.e3 Ng4 18.Qe2 fxe3 19.f4 Bf5 20.Bf3 Qd7 21.Nb6 Qd8 22.Nxa8 Ngf6
23.Qxe3 Qxa8 24.Rae1 Ng7 25.Qe7 Nge8 26.Nd1 Bg7 27.Qe2 Bd7 28.Ne3 b5 29.axb5 axb5
30.Ra1 Qb7 31.Qd3 Nc7 32.Ra2 Re8 33.Rd1 Qb6 34.Ng2 Bf5 35.Qd2 Ne4 36.Bxe4 Rxe4
37.Bxg7 Kxg7 38.Qa5 Qxa5 39.Rxa5 Kf6 40.Ra7 Re7 41.Ra2 Bg4 42.Rd3 Bf5 43.Rdd2 c4
44.bxc4 bxc4 45.Kf2 c3 46.Re2 Nxd5 47.Rxe7 Kxe7 48.Ne3 Nxe3 49.Kxe3 h5 50.Ra7+ Ke6
51.Rc7 c2 52.Kd4 d5 53.Rc6+ Kd7 54.Rc5 Ke6 55.h3 Bxh3 56.Rxc2 Kf5 57.Ke3 d4+
58.Kxd4 Kg4 59.Rc3 Bg2 60.Rc5 Kxg3 61.Rg5+ Kxf4 62.Rxg2 g5 63.Kd3 h4 64.Ke2 h3
65.Rxg5 Kxg5  1/2-1/2

[Event "WYg16"]
[Site "Halkidiki GRE"]
[Date "2003.11.02"]
[Round "11"]
[White "Batsiashvili,N"]
[Black "Cherenkova,K"]
[Result "1/2-1/2"]
[WhiteElo "2248"]
[BlackElo "2173"]

1.d4 Nf6 2.c4 c5 3.d5 e6 4.Nc3 exd5 5.cxd5 d6 6.Nf3 g6 7.g3 Bg7 8.Bg2 O-O
9.O-O a6 10.a4 Re8 11.Nd2 Nbd7 12.Nc4 Ne5 13.Ne3 Rb8 14.a5 Nfg4 15.Nxg4 Bxg4
16.Re1 Bf5 17.e4 Bg4 18.f3 Bd7 19.Bf1 f5 20.h3 Qf6 21.f4 Nf7 22.Bg2 b5 23.axb6 Rxb6
24.Kh2 Qd4 25.Qe2 fxe4 26.Rxa6 Rxa6 27.Qxa6 Qd3 28.Qxd3 exd3 29.Rxe8+ Bxe8
30.Be4 c4 31.Kg2 Nd8 32.Be3 Nb7 33.Bb6 Kf7 34.Kf2 Ke7 35.Ke3 Bxc3 36.bxc3 Nc5
37.Bf3 Ba4 38.Bxc5 dxc5 39.Be4 Bd7 40.g4 Kf6 41.Bf3 Ke7 42.Bg2 Kd6 43.Be4 Be8
44.f5 g5 45.Bf3  1/2-1/2